| 000 | 00644nam a22002057a 4500 | ||
|---|---|---|---|
| 003 | OSt | ||
| 005 | 20260430092637.0 | ||
| 008 | 260430b |||||||| |||| 00| 0 eng d | ||
| 020 | _a971-555-331-1. | ||
| 040 |
_aDWC-Main lib _cOC |
||
| 082 | _aFil. 323.09599 B456b 2000 | ||
| 100 | _aBernardo, Allan B. | ||
| 245 |
_aBuilding peace: _b Essays on psychology and the culture of peace/ _cAllan B. Bernardo |
||
| 260 |
_aManila: _bDe La Salle University Press, Inc. _cc2000. |
||
| 300 |
_axiii, _b148 p. ; _c 23 cm. |
||
| 504 | _aIncludes index. | ||
| 650 | _a1. Peace. | ||
| 700 | _aCarmela D. Ortigas | ||
| 942 |
_2ddc _cBK - FIL _kFil. _n0 |
||
| 999 |
_c10157 _d10157 |
||